[Event "19. Obert Int. Sant Marti 2017"]
[Site "Barcelona ESP"]
[Date "2017.07.13"]
[Round "1.43"]
[White "Buchenau, Frank"]
[Black "Marzo Pie, Xavier"]
[Result "1-0"]
[WhiteElo "2279"]
[BlackElo "1996"]
[PlyCount "57"]
[EventDate "2017.07.13"]
[EventType "swiss"]
[EventRounds "9"]
[EventCountry "ESP"]
[SourceTitle "Ajedrez en Madrid"]
[Source "lmi"]
[SourceDate "2017.07.13"]
[SourceVersion "1"]
[SourceVersionDate "2019.06.21"]
[SourceQuality "1"]

1. e4 d6 2. d4 g6 3. Nc3 Bg7 4. Nf3 Nf6 5. Be2 O-O 6. O-O c6 7. a4 Qc7 8. Bf4
Nbd7 9. e5 Nh5 10. Bg5 dxe5 11. Bxe7 Re8 12. d5 Qb6 13. Ba3 Nf4 14. Bc4 e4 15.
Re1 Nxg2 16. Rxe4 Rxe4 17. Nxe4 Nf4 18. a5 Qd8 19. dxc6 bxc6 20. Nfg5 Qxa5 21.
Bc5 Qd8 22. Bxf7+ Kh8 23. Bb3 Nh3+ 24. Nxh3 Qh4 25. Neg5 h6 26. Ra4 Qxa4 27.
Nf7+ Kh7 28. Bxa4 Nxc5 29. Bxc6 1-0

[Event "19. Obert Int. Sant Marti 2017"]
[Site "Barcelona ESP"]
[Date "2017.07.13"]
[Round "1.44"]
[White "Vazquez Moreno, Josep M"]
[Black "Martinez, Ayelen"]
[Result "0-1"]
[WhiteElo "1991"]
[BlackElo "2279"]
[PlyCount "128"]
[EventDate "2017.07.13"]
[EventType "swiss"]
[EventRounds "9"]
[EventCountry "ESP"]
[SourceTitle "Ajedrez en Madrid"]
[Source "lmi"]
[SourceDate "2017.07.13"]
[SourceVersion "1"]
[SourceVersionDate "2019.06.21"]
[SourceQuality "1"]

1. e4 e5 2. Nf3 Nc6 3. Nc3 Nf6 4. d4 exd4 5. Nxd4 Bb4 6. Nxc6 bxc6 7. Bd3 O-O
8. O-O Re8 9. Bg5 h6 10. Bh4 g5 11. Bg3 d6 12. e5 dxe5 13. Bxe5 Bd7 14. Bg3 Bg4
15. f3 Bxc3 16. bxc3 Be6 17. Ba6 Qe7 18. Qd4 Rad8 19. Qxa7 Ra8 20. Qb7 Qc5+ 21.
Bf2 Qxc3 22. Bd3 Nd5 23. Qb1 Nf4 24. Be1 Qf6 25. a4 Bf5 26. Bf2 Bxd3 27. cxd3
Qc3 28. Qd1 Nxd3 29. Bg3 Rad8 30. Qb1 Re2 31. Ra2 Nb2 32. a5 Red2 33. Ra1 Qe3+
34. Kh1 Qe2 35. Rg1 Nd3 36. a6 Rb2 37. Qf1 Qc2 38. a7 Ra8 39. Rd1 Rb3 40. Ra1
h5 41. h3 Qc5 42. Rb1 Qc3 43. Ra1 Ra3 44. Rxa3 Qxa3 45. Qb1 Rxa7 46. Qb8+ Kg7
47. Rd1 h4 48. Be1 Nxe1 49. Rxe1 Qc3 50. Rd1 Ra1 51. Rxa1 Qxa1+ 52. Kh2 Qe5+
53. Kg1 c5 54. Qb5 Qd5 55. Kf1 c6 56. Qb2+ Qd4 57. Qc1 Kh6 58. Qb1 c4 59. Qb8
Kg7 60. Qe8 Qd5 61. Ke1 Qe6+ 62. Qxe6 fxe6 63. Kd2 Kf6 64. Kc3 Ke5 0-1

[Event "19. Obert Int. Sant Marti 2017"]
[Site "Barcelona ESP"]
[Date "2017.07.13"]
[Round "1.45"]
[White "Larsson, Anders"]
[Black "Alcala Valiente, Juan Carlos"]
[Result "1-0"]
[WhiteElo "2276"]
[BlackElo "1987"]
[PlyCount "69"]
[EventDate "2017.07.13"]
[EventType "swiss"]
[EventRounds "9"]
[EventCountry "ESP"]
[SourceTitle "Ajedrez en Madrid"]
[Source "lmi"]
[SourceDate "2017.07.13"]
[SourceVersion "1"]
[SourceVersionDate "2019.06.21"]
[SourceQuality "1"]

1. e4 c5 2. Nf3 Nc6 3. Bb5 Nf6 4. Nc3 Qc7 5. O-O Nd4 6. Re1 Ng4 7. g3 Nxf3+ 8.
Qxf3 Ne5 9. Qe3 e6 10. Bf1 a6 11. Bg2 Be7 12. d3 O-O 13. Qe2 Nc6 14. Bf4 d6 15.
Qd2 b5 16. Ne2 Rb8 17. c3 e5 18. Be3 b4 19. d4 bxc3 20. bxc3 cxd4 21. cxd4 exd4
22. Nxd4 Nxd4 23. Bxd4 Be6 24. Rec1 Qd7 25. f4 f5 26. exf5 Bxf5 27. Bc6 Qd8 28.
Bg2 Bf6 29. Rc6 a5 30. Rd1 Bg4 31. Rdc1 Rb4 32. Bf2 Rb2 33. Qd5+ Kh8 34. h3 Bh5
35. Qxh5 1-0

[Event "19. Obert Int. Sant Marti 2017"]
[Site "Barcelona ESP"]
[Date "2017.07.13"]
[Round "1.46"]
[White "Minko, Dmitry"]
[Black "Gonzalez Rodriguez, Jorge A."]
[Result "0-1"]
[WhiteElo "1987"]
[BlackElo "2274"]
[PlyCount "64"]
[EventDate "2017.07.13"]
[EventType "swiss"]
[EventRounds "9"]
[EventCountry "ESP"]
[SourceTitle "Ajedrez en Madrid"]
[Source "lmi"]
[SourceDate "2017.07.13"]
[SourceVersion "1"]
[SourceVersionDate "2019.06.21"]
[SourceQuality "1"]

1. e4 e5 2. Nf3 Qe7 3. Nc3 c6 4. d4 d6 5. Bg5 Nf6 6. Qd2 h6 7. Bxf6 Qxf6 8.
O-O-O Be7 9. Kb1 Bg4 10. Qe3 Nd7 11. Be2 Bxf3 12. Bxf3 h5 13. Be2 Bd8 14. dxe5
dxe5 15. Qh3 Nc5 16. Bc4 g5 17. Qe3 Bb6 18. Qe2 Ke7 19. h4 g4 20. Rhf1 Rad8 21.
Rde1 Ne6 22. Bxe6 fxe6 23. g3 Qf3 24. Qxf3 gxf3 25. Nd1 Rd2 26. Ne3 Re2 27. Kc1
Rg8 28. Nc4 Bxf2 29. Rd1 Rxg3 30. Na5 Be3+ 31. Kb1 f2 32. Nc4 Bd4 0-1

[Event "19. Obert Int. Sant Marti 2017"]
[Site "Barcelona ESP"]
[Date "2017.07.13"]
[Round "1.47"]
[White "Abhishek, Das"]
[Black "Marchador Villalba, Jordi"]
[Result "0-1"]
[WhiteElo "2274"]
[BlackElo "1980"]
[PlyCount "96"]
[EventDate "2017.07.13"]
[EventType "swiss"]
[EventRounds "9"]
[EventCountry "ESP"]
[SourceTitle "Ajedrez en Madrid"]
[Source "lmi"]
[SourceDate "2017.07.13"]
[SourceVersion "1"]
[SourceVersionDate "2019.06.21"]
[SourceQuality "1"]

1. e4 Nf6 2. Nc3 d5 3. e5 Ne4 4. Nce2 d4 5. c3 dxc3 6. Qa4+ Nd7 7. Nxc3 Nec5 8.
Qf4 Nb6 9. Nf3 Nd3+ 10. Bxd3 Qxd3 11. Qe4 Qxe4+ 12. Nxe4 Bf5 13. Ng3 Bd3 14.
Nf1 e6 15. Ne3 h6 16. b3 a5 17. a3 c5 18. a4 Be7 19. Ba3 Rc8 20. Kd1 c4 21. Ne1
Bg6 22. bxc4 Nxc4 23. Rc1 Nxe3+ 24. fxe3 Rxc1+ 25. Bxc1 Kd7 26. d3 b5 27. axb5
Rb8 28. Bb2 Rxb5 29. Kc2 a4 30. e4 a3 31. Ba1 f5 32. exf6 gxf6 33. Nf3 e5 34.
Nd2 Rc5+ 35. Bc3 Bf7 36. Rc1 Rc7 37. Kd1 a2 38. Ba1 Bh5+ 39. Nf3 Rb7 40. Kc2
Ba3 41. Rf1 Ke6 42. Bc3 Be8 43. Ra1 Ba4+ 44. Kd2 Bb3 45. Ng1 Kf7 46. Ne2 Be6
47. Kc2 Rc7 48. Rf1 Bg4 0-1

[Event "19. Obert Int. Sant Marti 2017"]
[Site "Barcelona ESP"]
[Date "2017.07.13"]
[Round "1.48"]
[White "Claramunt Bassegoda, Marcel"]
[Black "Yao, Lan"]
[Result "0-1"]
[WhiteElo "1977"]
[BlackElo "2273"]
[PlyCount "80"]
[EventDate "2017.07.13"]
[EventType "swiss"]
[EventRounds "9"]
[EventCountry "ESP"]
[SourceTitle "Ajedrez en Madrid"]
[Source "lmi"]
[SourceDate "2017.07.13"]
[SourceVersion "1"]
[SourceVersionDate "2019.06.21"]
[SourceQuality "1"]

1. e4 c5 2. Nc3 Nc6 3. f4 g6 4. Nf3 Bg7 5. Bc4 e6 6. O-O Nge7 7. d3 O-O 8. Qe1
d5 9. Bb3 b6 10. f5 dxe4 11. dxe4 exf5 12. Qh4 Ba6 13. Rd1 Qc8 14. Bh6 c4 15.
Ba4 f6 16. e5 Nxe5 17. Nxe5 Qc5+ 18. Kh1 fxe5 19. Bg5 Rf7 20. Bd7 Bc8 21. Be8
Be6 22. Bxf7+ Kxf7 23. Bxe7 Qxe7 24. Qxe7+ Kxe7 25. Nb5 e4 26. Nc7 Rc8 27. Nxe6
Kxe6 28. c3 Bf6 29. Kg1 b5 30. Rac1 f4 31. Rc2 e3 32. Re2 g5 33. g3 Kf5 34. Kg2
Ke4 35. Rf1 Be5 36. g4 Rf8 37. Rf3 Rd8 38. Rf1 h5 39. h3 hxg4 40. hxg4 Rh8 0-1

[Event "19. Obert Int. Sant Marti 2017"]
[Site "Barcelona ESP"]
[Date "2017.07.13"]
[Round "1.49"]
[White "Priebe, Jan"]
[Black "Sumit, Kumar"]
[Result "0-1"]
[WhiteElo "2272"]
[BlackElo "1975"]
[PlyCount "122"]
[EventDate "2017.07.13"]
[EventType "swiss"]
[EventRounds "9"]
[EventCountry "ESP"]
[SourceTitle "Ajedrez en Madrid"]
[Source "lmi"]
[SourceDate "2017.07.13"]
[SourceVersion "1"]
[SourceVersionDate "2019.06.21"]
[SourceQuality "1"]

1. e4 e5 2. Nf3 Nc6 3. Bb5 a6 4. Ba4 Nf6 5. d3 d6 6. c3 Be7 7. Nbd2 O-O 8. Nf1
b5 9. Bb3 Na5 10. Bc2 c5 11. Ng3 Re8 12. O-O Nc6 13. Re1 Bf8 14. a3 h6 15. h3
d5 16. Qe2 Be6 17. Be3 Qc7 18. Nh2 d4 19. cxd4 Nxd4 20. Bxd4 cxd4 21. Rec1 Qb6
22. Nf3 Bd6 23. Nd2 Rac8 24. Bb3 Bxb3 25. Nxb3 a5 26. Nh5 Nxh5 27. Qxh5 a4 28.
Nd2 Qb7 29. Qd1 Rxc1 30. Rxc1 Rc8 31. h4 Rc7 32. Nf3 Qc8 33. Rxc7 Qxc7 34. g3
Be7 35. Kg2 Qc5 36. Ne1 Qc8 37. Qd2 Qc7 38. Nc2 Kh7 39. Qe2 Kg8 40. Kh3 Qc8+
41. Kg2 Qc7 42. Qd2 Kh7 43. f4 exf4 44. gxf4 Qd7 45. Kg3 h5 46. Qe2 g6 47. Ne1
b4 48. axb4 Bxb4 49. Ng2 Qg4+ 50. Kf2 Qh3 51. f5 Be7 52. fxg6+ fxg6 53. Kg1
Bxh4 54. Qf1 Kg7 55. Qf4 Bg3 56. Qf3 Bh2+ 57. Kf2 Qxf3+ 58. Kxf3 g5 59. Ne1 Bf4
60. Nc2 Bc1 61. b4 axb3 0-1

[Event "19. Obert Int. Sant Marti 2017"]
[Site "Barcelona ESP"]
[Date "2017.07.13"]
[Round "1.50"]
[White "Mateu Farre, Josep Maria"]
[Black "Fenil, Shah"]
[Result "0-1"]
[WhiteElo "1974"]
[BlackElo "2267"]
[PlyCount "178"]
[EventDate "2017.07.13"]
[EventType "swiss"]
[EventRounds "9"]
[EventCountry "ESP"]
[SourceTitle "Ajedrez en Madrid"]
[Source "lmi"]
[SourceDate "2017.07.13"]
[SourceVersion "1"]
[SourceVersionDate "2019.06.21"]
[SourceQuality "1"]

1. e4 c5 2. Nf3 e6 3. d4 cxd4 4. Nxd4 Nc6 5. c4 Nf6 6. Nc3 Bb4 7. Nxc6 bxc6 8.
Bd3 e5 9. O-O Bc5 10. Kh1 d6 11. f4 Ng4 12. Qe1 exf4 13. Bxf4 O-O 14. Qg3 Bd4
15. Be2 Ne5 16. Rad1 c5 17. Nb5 Qb6 18. Bh5 Ba6 19. Nxd4 cxd4 20. b3 Qc5 21.
Be2 Bb7 22. b4 Qc7 23. Rxd4 f6 24. Rfd1 Rad8 25. Bg4 Bc8 26. Bxc8 Qxc8 27. Qb3
Kh8 28. Rxd6 Rxd6 29. Rxd6 Nxc4 30. Rd4 Ne5 31. Qd1 Ng4 32. Qd2 Qa6 33. Kg1 Qb6
34. Kf1 Ne5 35. Be3 Qc7 36. h3 Nc4 37. Qc1 Rc8 38. Bf4 Qb6 39. Qd1 g5 40. Bc1
Qxb4 41. Rd8+ Rxd8 42. Qxd8+ Kg7 43. Qd7+ Kh6 44. h4 Qd6 45. hxg5+ fxg5 46.
Qh3+ Kg7 47. Qc3+ Ne5 48. Bxg5 Kg6 49. Qd2 Qa6+ 50. Kg1 Qb6+ 51. Kh2 Qe6 52.
Bf4 Ng4+ 53. Kg3 Nf6 54. Qe3 Qg4+ 55. Kf2 Qd1 56. Qf3 Qc2+ 57. Kg3 Qxe4 58.
Qxe4+ Nxe4+ 59. Kf3 Nc3 60. a3 Kf5 61. g4+ Ke6 62. Bc1 Kd5 63. Ke3 Kc4 64. Bd2
Kb3 65. Kd3 Nb5 66. Ke4 Nxa3 67. Kf5 Nc4 68. Be1 Ne3+ 69. Kg5 Kc2 70. Bf2 Kd3
71. Kh5 a5 72. Be1 a4 73. Bb4 Ke4 74. g5 Kf5 75. Kh6 Ng4+ 76. Kxh7 Kxg5 77. Kg7
Ne5 78. Ba3 Kf5 79. Kf8 Ke6 80. Ke8 Nd3 81. Kd8 Kd5 82. Kc7 Kc4 83. Kb6 Kb3 84.
Bf8 Nb4 85. Kb5 a3 86. Bg7 a2 87. Ba1 Nd3 88. Ka5 Nb2 89. Kb5 Kc2 0-1

[Event "19. Obert Int. Sant Marti 2017"]
[Site "Barcelona ESP"]
[Date "2017.07.13"]
[Round "1.51"]
[White "Neffe, Axel"]
[Black "Rakshitta, Ravi"]
[Result "1-0"]
[WhiteElo "2257"]
[BlackElo "1974"]
[PlyCount "119"]
[EventDate "2017.07.13"]
[EventType "swiss"]
[EventRounds "9"]
[EventCountry "ESP"]
[SourceTitle "Ajedrez en Madrid"]
[Source "lmi"]
[SourceDate "2017.07.13"]
[SourceVersion "1"]
[SourceVersionDate "2019.06.21"]
[SourceQuality "1"]

1. e4 e5 2. Nf3 Nc6 3. Bb5 a6 4. Ba4 Nge7 5. c3 g6 6. d4 exd4 7. O-O Bg7 8. Bg5
b5 9. Bb3 O-O 10. cxd4 h6 11. Bh4 d6 12. a4 Bg4 13. Bxe7 Qxe7 14. Bd5 Nxd4 15.
Nxd4 Bxd1 16. Nc6 Qh4 17. Rxd1 Rae8 18. Nc3 b4 19. Ne2 Bxb2 20. Rab1 Be5 21.
Ng3 Bxg3 22. hxg3 Qg4 23. Nxb4 a5 24. Nc6 Kh8 25. Rd4 Qe2 26. Nxa5 f5 27. Nc4
fxe4 28. Rd2 Qg4 29. a5 Rb8 30. Ra1 c6 31. Bxc6 Rbc8 32. Ne3 Qe6 33. Bb7 Qe5
34. Rda2 Rc3 35. a6 Qb5 36. Bxe4 Rxe3 37. fxe3 d5 38. Bf3 Qb6 39. a7 Qxe3+ 40.
Kh2 Ra8 41. Bxd5 Rxa7 42. Rxa7 Qe5 43. Rc1 Qh5+ 44. Kg1 Qg4 45. Ra8+ Kg7 46.
Bf3 Qxg3 47. Rd1 h5 48. Ra4 Qg5 49. Ra7+ Kh6 50. Ra4 Qe3+ 51. Kf1 Qc5 52. Rad4
Qb5+ 53. Kg1 Qc5 54. Kh1 Qg5 55. Re4 Qf6 56. Rd5 Qa1+ 57. Kh2 Qb2 58. Re6 Kh7
59. Rd7+ Kh6 60. Rdd6 1-0

[Event "19. Obert Int. Sant Marti 2017"]
[Site "Barcelona ESP"]
[Date "2017.07.13"]
[Round "1.52"]
[White "Deaconu, Mihai-Ionut"]
[Black "Chernyak, Viktoria"]
[Result "0-1"]
[WhiteElo "1965"]
[BlackElo "2251"]
[PlyCount "60"]
[EventDate "2017.07.13"]
[EventType "swiss"]
[EventRounds "9"]
[EventCountry "ESP"]
[SourceTitle "Ajedrez en Madrid"]
[Source "lmi"]
[SourceDate "2017.07.13"]
[SourceVersion "1"]
[SourceVersionDate "2019.06.21"]
[SourceQuality "1"]

1. d4 d5 2. Nf3 Nf6 3. c4 e6 4. g3 dxc4 5. Bg2 a6 6. O-O Nc6 7. Nc3 Bb4 8. Ne5
O-O 9. Nxc6 bxc6 10. Bxc6 Rb8 11. Qa4 Qxd4 12. Be3 Qe5 13. Ba7 Bxc3 14. bxc3
Rb2 15. Qxc4 Nd7 16. Rfd1 Nb6 17. Bxb6 cxb6 18. Bf3 Rb5 19. Rd4 Rc5 20. Qd3 Qc7
21. c4 e5 22. Rh4 f5 23. Bd5+ Kh8 24. g4 g6 25. Rb1 b5 26. gxf5 Bxf5 27. e4
bxc4 28. Qg3 Rxd5 29. exf5 gxf5 30. Rc1 Rg8 0-1

[Event "19. Obert Int. Sant Marti 2017"]
[Site "Barcelona ESP"]
[Date "2017.07.13"]
[Round "1.53"]
[White "Srijit, Paul"]
[Black "Di Chiara, Mauro"]
[Result "1-0"]
[WhiteElo "2247"]
[BlackElo "1964"]
[PlyCount "71"]
[EventDate "2017.07.13"]
[EventType "swiss"]
[EventRounds "9"]
[EventCountry "ESP"]
[SourceTitle "Ajedrez en Madrid"]
[Source "lmi"]
[SourceDate "2017.07.13"]
[SourceVersion "1"]
[SourceVersionDate "2019.06.21"]
[SourceQuality "1"]

1. e4 g6 2. d4 Bg7 3. Nc3 d6 4. Be3 Nf6 5. f3 c6 6. Qd2 O-O 7. g4 b5 8. Bh6 Qa5
9. Bxg7 Kxg7 10. g5 Nfd7 11. h4 b4 12. Nce2 c5 13. h5 Nc6 14. d5 Nce5 15. Nf4
Ba6 16. Bxa6 Qxa6 17. Kf2 Qb6 18. Kg3 Rfc8 19. Nge2 Nc4 20. Qc1 Nf8 21. Rh3 Qd8
22. hxg6 Nxg6 23. Nxg6 hxg6 24. Qh1 Qg8 25. Qh2 f6 26. f4 Nd2 27. Qg2 Qf7 28.
Rd1 Nc4 29. Rdh1 Rh8 30. R1h2 fxg5 31. Qh1 Rh5 32. Rxh5 gxh5 33. Rxh5 gxf4+ 34.
Nxf4 Rg8 35. Rf5 Kf8+ 36. Kf2 1-0

[Event "19. Obert Int. Sant Marti 2017"]
[Site "Barcelona ESP"]
[Date "2017.07.13"]
[Round "1.54"]
[White "Monedero Gonzalez, Josep"]
[Black "Deshmukh, Anup"]
[Result "0-1"]
[WhiteElo "1957"]
[BlackElo "2241"]
[PlyCount "80"]
[EventDate "2017.07.13"]
[EventType "swiss"]
[EventRounds "9"]
[EventCountry "ESP"]
[SourceTitle "Ajedrez en Madrid"]
[Source "lmi"]
[SourceDate "2017.07.13"]
[SourceVersion "1"]
[SourceVersionDate "2019.06.21"]
[SourceQuality "1"]

1. d4 Nf6 2. Nf3 c5 3. e3 b6 4. Nbd2 Bb7 5. Bd3 e6 6. O-O Be7 7. b3 O-O 8. Bb2
d6 9. c4 Nbd7 10. Rc1 Re8 11. Re1 Bf8 12. Qc2 g6 13. Qb1 Bg7 14. Qa1 Qe7 15. a3
Rad8 16. Bc2 e5 17. d5 Rf8 18. Qb1 Nh5 19. g4 Nhf6 20. h3 Bc8 21. Kh2 b5 22. a4
bxa4 23. bxa4 Ba6 24. Qa2 e4 25. Ng1 Rb8 26. Kg2 h5 27. g5 Rxb2 28. Qxb2 Nxd5
29. Qa3 Qxg5+ 30. Kh1 N5f6 31. Rb1 Qh4 32. Kg2 Ne5 33. Qc3 Bc8 34. Re2 Bxh3+
35. Nxh3 Qg4+ 36. Kh2 Qxe2 37. Bd1 Qe1 38. Nxe4 Qxc3 39. Nxc3 Nxc4 40. Rb7 Ng4+
0-1

[Event "19. Obert Int. Sant Marti 2017"]
[Site "Barcelona ESP"]
[Date "2017.07.13"]
[Round "1.55"]
[White "Mateus, Alejandro"]
[Black "Montell Zabay, Alberto"]
[Result "1-0"]
[WhiteElo "2240"]
[BlackElo "1956"]
[PlyCount "47"]
[EventDate "2017.07.13"]
[EventType "swiss"]
[EventRounds "9"]
[EventCountry "ESP"]
[SourceTitle "Ajedrez en Madrid"]
[Source "lmi"]
[SourceDate "2017.07.13"]
[SourceVersion "1"]
[SourceVersionDate "2019.06.21"]
[SourceQuality "1"]

1. d4 Nf6 2. Nc3 d5 3. Bf4 c5 4. e3 e6 5. Nb5 Na6 6. Be2 Bd7 7. c3 Be7 8. dxc5
Bxc5 9. Nd6+ Bxd6 10. Bxd6 Qb6 11. Ba3 Nc5 12. Nf3 O-O 13. O-O Rfe8 14. c4 dxc4
15. Ne5 Ba4 16. Qd4 Ncd7 17. Qxc4 Nxe5 18. Qxa4 Red8 19. Rfd1 Rd5 20. Rac1 h6
21. h3 Rad8 22. Rxd5 Rxd5 23. Rc8+ Rd8 24. Bc5 1-0

[Event "19. Obert Int. Sant Marti 2017"]
[Site "Barcelona ESP"]
[Date "2017.07.13"]
[Round "1.56"]
[White "Repiso Alvarez, Jorge"]
[Black "Glimbrant, Torbjorn"]
[Result "0-1"]
[WhiteElo "1954"]
[BlackElo "2238"]
[PlyCount "110"]
[EventDate "2017.07.13"]
[EventType "swiss"]
[EventRounds "9"]
[EventCountry "ESP"]
[SourceTitle "Ajedrez en Madrid"]
[Source "lmi"]
[SourceDate "2017.07.13"]
[SourceVersion "1"]
[SourceVersionDate "2019.06.21"]
[SourceQuality "1"]

1. d4 e6 2. c4 Nf6 3. Nc3 Bb4 4. e3 O-O 5. Bd3 c5 6. Nge2 d5 7. a3 Bxc3+ 8.
Nxc3 cxd4 9. exd4 dxc4 10. Bxc4 Nc6 11. Be3 b6 12. O-O Bb7 13. Qd3 Rc8 14. Rfd1
Ne7 15. Ba6 Qd7 16. Bxb7 Qxb7 17. Rac1 Ned5 18. Ne4 Nxe4 19. Qxe4 Rxc1 20. Rxc1
Rc8 21. Qb1 h6 22. Rxc8+ Qxc8 23. Qc1 Qxc1+ 24. Bxc1 Kf8 25. Kf1 Ke7 26. Ke2
Kd6 27. Kd3 Kc6 28. b3 b5 29. Bd2 Nf6 30. f3 Kd5 31. Bb4 h5 32. Bf8 g6 33. Be7
Nd7 34. Bd8 Nb8 35. Bf6 Nc6 36. Bg7 Na5 37. Kc3 Nc6 38. Kd3 a6 39. Bf6 a5 40.
Bg7 Ne7 41. Be5 Nc6 42. Bg7 Ne7 43. Be5 Kc6 44. Bg7 Nd5 45. Ke4 a4 46. bxa4
bxa4 47. g4 Kd7 48. Bf8 f6 49. h3 Kc6 50. Bc5 h4 51. g5 fxg5 52. Ke5 Kd7 53.
Bf8 Nf4 54. Bh6 Nxh3 55. Kf6 Nf4 0-1

[Event "19. Obert Int. Sant Marti 2017"]
[Site "Barcelona ESP"]
[Date "2017.07.13"]
[Round "1.57"]
[White "Capellades Subirana, Marc"]
[Black "Valarezzo Ricard, Pedro"]
[Result "1-0"]
[WhiteElo "2237"]
[BlackElo "1954"]
[PlyCount "135"]
[EventDate "2017.07.13"]
[EventType "swiss"]
[EventRounds "9"]
[EventCountry "ESP"]
[SourceTitle "Ajedrez en Madrid"]
[Source "lmi"]
[SourceDate "2017.07.13"]
[SourceVersion "1"]
[SourceVersionDate "2019.06.21"]
[SourceQuality "1"]

1. e4 d5 2. exd5 Qxd5 3. Nc3 Qd6 4. Bc4 Nf6 5. Nf3 a6 6. d4 b5 7. Bb3 Bb7 8.
Ne5 e6 9. Bf4 Qb6 10. O-O c5 11. dxc5 Bxc5 12. Nd3 Qc6 13. Qf3 Qxf3 14. gxf3
Be7 15. Kg2 Nc6 16. Ne4 Nd4 17. Nd2 Nxb3 18. axb3 O-O 19. Rfe1 Rac8 20. Rac1
Rfd8 21. Be5 Nd7 22. Bc3 Bf6 23. Ba5 Re8 24. Ne4 Be7 25. Bb4 Bxb4 26. Nxb4 Bxe4
27. fxe4 a5 28. Nd3 Nc5 29. Ra1 Nb7 30. Re2 b4 31. Ne5 Red8 32. Nc4 Rc5 33.
Ree1 f6 34. Ra4 Rd4 35. Kf3 Kf7 36. Ke3 e5 37. Rea1 Kg6 38. f3 Rd8 39. Ke2 Rd7
40. Rg1+ Kh6 41. Raa1 g5 42. h4 Kg6 43. Rg2 h6 44. Rh2 Rh7 45. Rd1 a4 46. Rhh1
axb3 47. cxb3 Na5 48. h5+ Kg7 49. Rd7+ Kg8 50. Rd8+ Kf7 51. Rhd1 Nxc4 52. R1d7+
Ke6 53. Rxh7 Nb6 54. Rd2 Nc8 55. Rxh6 Nd6 56. Rh7 g4 57. fxg4 Nxe4 58. Rdd7 f5
59. Ke3 Ng5 60. Rhe7+ Kf6 61. gxf5 Kxf5 62. Rc7 Ra5 63. Rc1 Kf6 64. Rb7 Ne6 65.
Rc6 e4 66. Rbb6 Re5 67. h6 Kf7 68. Rxe6 1-0

[Event "19. Obert Int. Sant Marti 2017"]
[Site "Barcelona ESP"]
[Date "2017.07.13"]
[Round "1.58"]
[White "Al, Ansi Amin"]
[Black "Frayna, Janelle Mae"]
[Result "0-1"]
[WhiteElo "1948"]
[BlackElo "2235"]
[PlyCount "70"]
[EventDate "2017.07.13"]
[EventType "swiss"]
[EventRounds "9"]
[EventCountry "ESP"]
[SourceTitle "Ajedrez en Madrid"]
[Source "lmi"]
[SourceDate "2017.07.13"]
[SourceVersion "1"]
[SourceVersionDate "2019.06.21"]
[SourceQuality "1"]

1. e4 g6 2. d4 Bg7 3. f4 d5 4. e5 c5 5. Nf3 cxd4 6. Bb5+ Bd7 7. Bxd7+ Qxd7 8.
Nxd4 Nc6 9. Nc3 Nxd4 10. Qxd4 e6 11. a4 Ne7 12. O-O O-O 13. Qd3 Rfc8 14. Bd2
Qc6 15. Rfc1 f6 16. exf6 Bxf6 17. Kh1 Nf5 18. Rab1 b6 19. Qe2 Re8 20. Qf3 Nd6
21. b3 Rac8 22. Ne2 d4 23. Qd3 Ne4 24. Be1 Nc5 25. Qh3 Qe4 26. Ng3 Qxf4 27. Bb4
Qh4 28. Bxc5 Rxc5 29. Qxh4 Bxh4 30. Rd1 e5 31. Rd2 Rec8 32. Rb2 Bg5 33. Rf2 Be3
34. Ne4 Bxf2 35. Nxf2 Rxc2 0-1

[Event "19. Obert Int. Sant Marti 2017"]
[Site "Barcelona ESP"]
[Date "2017.07.13"]
[Round "1.59"]
[White "Vergara Jofre, Felipe"]
[Black "Monroy G., Nataly A."]
[Result "1-0"]
[WhiteElo "2234"]
[BlackElo "1947"]
[PlyCount "85"]
[EventDate "2017.07.13"]
[EventType "swiss"]
[EventRounds "9"]
[EventCountry "ESP"]
[SourceTitle "Ajedrez en Madrid"]
[Source "lmi"]
[SourceDate "2017.07.13"]
[SourceVersion "1"]
[SourceVersionDate "2019.06.21"]
[SourceQuality "1"]

1. e4 c5 2. Nf3 Nc6 3. d4 cxd4 4. Nxd4 g6 5. c4 Nf6 6. Nc3 d6 7. f3 Bg7 8. Be3
O-O 9. Qd2 Bd7 10. Be2 Nxd4 11. Bxd4 a5 12. O-O Bc6 13. b3 Nd7 14. Bf2 Nc5 15.
Rab1 Qb6 16. a3 Qc7 17. Bd1 b6 18. b4 axb4 19. axb4 Nd7 20. Bb3 Ra7 21. Rfc1
Rc8 22. Be3 Qd8 23. h3 Rca8 24. Kf2 Ra3 25. Nb5 Bxb5 26. cxb5 Rc8 27. Rc6 Rb8
28. Qc2 Ne5 29. Bxb6 Qe8 30. Be3 Raa8 31. f4 Nxc6 32. bxc6 e6 33. Ba4 Qe7 34.
b5 Qh4+ 35. Kg1 Qg3 36. Bf2 Qxf4 37. c7 Rf8 38. b6 Be5 39. b7 Rxa4 40. Qxa4
Qh2+ 41. Kf1 Qh1+ 42. Bg1 Bh2 43. Qa7 1-0

[Event "19. Obert Int. Sant Marti 2017"]
[Site "Barcelona ESP"]
[Date "2017.07.13"]
[Round "1.60"]
[White "Barragan Hernandez, Manel"]
[Black "Pinero Fernandez, Xavier"]
[Result "1-0"]
[WhiteElo "1936"]
[BlackElo "2233"]
[PlyCount "55"]
[EventDate "2017.07.13"]
[EventType "swiss"]
[EventRounds "9"]
[EventCountry "ESP"]
[SourceTitle "Ajedrez en Madrid"]
[Source "lmi"]
[SourceDate "2017.07.13"]
[SourceVersion "1"]
[SourceVersionDate "2019.06.21"]
[SourceQuality "1"]

1. e4 d6 2. d4 Nf6 3. Nc3 e5 4. Nf3 Nbd7 5. dxe5 dxe5 6. Bc4 Bb4 7. Bg5 O-O 8.
O-O Bxc3 9. bxc3 Qe7 10. Qe2 Re8 11. Rfd1 Nf8 12. Rab1 Ng6 13. Nh4 Nf4 14. Qf3
Bg4 15. Qxg4 Nxg4 16. Bxe7 Rxe7 17. Nf5 Ree8 18. Rd7 Ne6 19. Bxe6 Rxe6 20. Rxb7
Ra6 21. f3 Nf6 22. Rdxc7 Rxa2 23. Rxf7 Ne8 24. Rfe7 Rxc2 25. Nxg7 Nd6 26. Rbd7
Rb8 27. h4 Nf7 28. Nf5 1-0

[Event "19. Obert Int. Sant Marti 2017"]
[Site "Barcelona ESP"]
[Date "2017.07.13"]
[Round "1.61"]
[White "Frih, Ameur"]
[Black "Kyrkjebo, Hanna B."]
[Result "0-1"]
[WhiteElo "2233"]
[BlackElo "1923"]
[PlyCount "56"]
[EventDate "2017.07.13"]
[EventType "swiss"]
[EventRounds "9"]
[EventCountry "ESP"]
[SourceTitle "Ajedrez en Madrid"]
[Source "lmi"]
[SourceDate "2017.07.13"]
[SourceVersion "1"]
[SourceVersionDate "2019.06.21"]
[SourceQuality "1"]

1. e4 e5 2. Nf3 Nc6 3. Bb5 a6 4. Ba4 Nf6 5. O-O b5 6. Bb3 Bc5 7. c3 d6 8. d4
Bb6 9. a4 Bg4 10. axb5 axb5 11. Rxa8 Qxa8 12. Na3 exd4 13. Nxb5 Bxf3 14. gxf3
dxc3 15. Nxd6+ cxd6 16. Qxd6 Bd8 17. e5 Be7 18. Qc7 Nd4 19. exf6 Nxf3+ 20. Kh1
gxf6 21. Ba4+ Qxa4 22. Qc8+ Bd8 23. b3 Qe4 24. Qxc3 O-O 25. Bh6 Re8 26. b4 Kh8
27. b5 Rg8 28. b6 Qg4 0-1